NBA Starting Small Forwards 2020s - Statistics

General Stats
  • This quiz has been taken 778 times
    65 since last reset
  • The average score is 150 of 180
Answer Stats
Team Season First Name Last Name % Correct
Boston 2020-21 Jaylen Brown
98%
Boston 2022-23 Jaylen Brown
98%
Boston 2023-24 Jaylen Brown
98%
Boston 2024-25 Jaylen Brown
98%
Boston 2025-26 Jaylen Brown
98%
Brooklyn 2021-22 Bruce Brown
98%
Chicago 2022-23 DeMar DeRozan
98%
Sacramento 2024-25 DeMar DeRozan
98%
Sacramento 2025-26 DeMar DeRozan
98%
San Antonio 2020-21 DeMar DeRozan
98%
LA Lakers 2020-21 LeBron James
98%
Boston 2021-22 Jayson Tatum
98%
Dallas 2024-25 Klay Thompson
98%
Detroit 2023-24 Ausar Thompson
98%
Detroit 2024-25 Ausar Thompson
98%
Detroit 2025-26 Ausar Thompson
98%
LA Clippers 2020-21 Kawhi Leonard
96%
LA Clippers 2022-23 Kawhi Leonard
96%
LA Clippers 2025-26 Kawhi Leonard
96%
Milwaukee 2020-21 Khris Middleton
96%
Milwaukee 2021-22 Khris Middleton
96%
Milwaukee 2023-24 Khris Middleton
96%
LA Clippers 2024-25 Norman Powell
96%
Miami 2025-26 Norman Powell
96%
Portland 2021-22 Norman Powell
96%
LA Lakers 2025-26 Marcus Smart
96%
Orlando 2021-22 Franz Wagner
96%
Orlando 2022-23 Franz Wagner
96%
Orlando 2023-24 Franz Wagner
96%
Orlando 2024-25 Franz Wagner
96%
Brooklyn 2024-25 Ziaire Williams
96%
Oklahoma City 2024-25 Jalen Williams
96%
New York 2024-25 OG Anunoby
94%
New York 2025-26 OG Anunoby
94%
Toronto 2020-21 OG Anunoby
94%
Toronto 2021-22 OG Anunoby
94%
Toronto 2022-23 OG Anunoby
94%
Orlando 2025-26 Desmond Bane
94%
Toronto 2023-24 RJ Barrett
94%
Toronto 2024-25 RJ Barrett
94%
Atlanta 2023-24 Saddiq Bey
94%
Detroit 2020-21 Sadiq Bey
94%
Detroit 2021-22 Sadiq Bey
94%
New Orleans 2025-26 Saddiq Bey
94%
Phoenix 2020-21 Mikal Bridges
94%
Phoenix 2021-22 Mikal Bridges
94%
Phoenix 2022-23 Mikal Bridges
94%
Houston 2023-24 Dillon Brooks
94%
Houston 2024-25 Dillon Brooks
94%
Memphis 2020-21 Dillon Brooks
94%
Memphis 2021-22 Dillon Brooks
94%
Memphis 2022-23 Dillon Brooks
94%
Phoenix 2025-26 Dillon Brooks
94%
Miami 2020-21 Jimmy Butler
94%
Miami 2021-22 Jimmy Butler
94%
Miami 2022-23 Jimmy Butler
94%
Miami 2023-24 Jimmy Butler
94%
Brooklyn 2025-26 Michael Porter
94%
Golden State 2020-21 Andrew Wiggins
94%
Golden State 2021-22 Andrew Wiggins
94%
Golden State 2022-23 Andrew Wiggins
94%
Golden State 2023-24 Andrew Wiggins
94%
Golden State 2024-25 Andrew Wiggins
94%
Oklahoma City 2020-21 Luguentz Dort
92%
Oklahoma City 2021-22 Luguentz Dort
92%
Oklahoma City 2022-23 Luguentz Dort
92%
Oklahoma City 2023-24 Luguentz Dort
92%
Oklahoma City 2025-26 Luguentz Dort
92%
New Orleans 2020-21 Brandon Ingram
92%
New Orleans 2021-22 Brandon Ingram
92%
New Orleans 2022-23 Brandon Ingram
92%
New Orleans 2023-24 Brandon Ingram
92%
Toronto 2025-26 Brandon Ingram
92%
Brooklyn 2023-24 Cameron Johnson
92%
San Antonio 2022-23 Keldon Johnson
92%
Chicago 2020-21 Lauri Markkanen
92%
Cleveland 2021-22 Lauri Markkanen
92%
Utah 2024-25 Lauri Markkanen
92%
Charlotte 2023-24 Brandon Miller
92%
Charlotte 2024-25 Brandon Miller
92%
Charlotte 2025-26 Brandon Miller
92%
Atlanta 2020-21 Bogdan Bogdanović
90%
Detroit 2022-23 Bojan Bogdanović
90%
Houston 2025-26 Kevin Durant
90%
Denver 2021-22 Aaron Gordon
90%
Houston 2021-22 Eric Gordon
90%
Houston 2022-23 Eric Gordon
90%
Indiana 2022-23 Buddy Hield
90%
Minnesota 2023-24 Jaden McDaniels
90%
Minnesota 2024-25 Jaden McDaniels
90%
Minnesota 2025-26 Jaden McDaniels
90%
Golden State 2025-26 Moses Moody
90%
Phoenix 2023-24 Grayson Allen
88%
Minnesota 2020-21 Anthony Edwards
88%
Minnesota 2021-22 Anthony Edwards
88%
LA Lakers 2024-25 Rui Hachimura
88%
Portland 2024-25 Deni Avdija
85%
Portland 2025-26 Deni Avdija
85%
Washington 2020-21 Deni Avdija
85%
Washington 2022-23 Deni Avdija
85%
Washington 2023-24 Deni Avdija
85%
Sacramento 2020-21 Harrison Barnes
85%
Sacramento 2021-22 Harrison Barnes
85%
Sacramento 2022-23 Harrison Barnes
85%
Sacramento 2023-24 Harrison Barnes
85%
Washington 2021-22 Kentavious Caldwell-Pope
85%
Dallas 2020-21 Dorian Finney-Smith
85%
LA Clippers 2023-24 Paul George
85%
Indiana 2024-25 Bennedict Mathurin
85%
New York 2023-24 Josh Hart
83%
Portland 2022-23 Josh Hart
83%
Charlotte 2020-21 Gordon Hayward
83%
Charlotte 2021-22 Gordon Hayward
83%
Charlotte 2022-23 Gordon Hayward
83%
Denver 2020-21 Michael Porter Jr.
83%
Denver 2022-23 Michael Porter Jr.
83%
Denver 2023-24 Michael Porter Jr.
83%
Denver 2024-25 Michael Porter Jr.
83%
LA Lakers 2023-24 Taurean Prince
83%
Milwaukee 2024-25 Taurean Prince
83%
San Antonio 2024-25 Devin Vassell
83%
San Antonio 2025-26 Devin Vassell
83%
Utah 2025-26 Ace Bailey
81%
Chicago 2021-22 Javonte Green
81%
Dallas 2023-24 Josh Green
81%
Philadelphia 2020-21 Danny Green
81%
Atlanta 2021-22 De'Andre Hunter
81%
Atlanta 2022-23 De'Andre Hunter
81%
Chicago 2024-25 Zach LaVine
81%
New Orleans 2024-25 Trey Murphy
81%
Philadelphia 2024-25 Kelly Oubre Jr.
81%
Philadelphia 2025-26 Kelly Oubre Jr.
81%
Atlanta 2024-25 Zaccharie Risacher
81%
Atlanta 2025-26 Zaccharie Risacher
81%
Cleveland 2023-24 Max Strus
79%
Cleveland 2024-25 Max Strus
79%
Milwaukee 2025-26 Kyle Kuzma
77%
LA Lakers 2021-22 Malik Monk
77%
Indiana 2023-24 Aaron Nesmith
77%
Chicago 2025-26 Isaac Okoro
77%
Cleveland 2020-21 Isaac Okoro
77%
Cleveland 2022-23 Isaac Okoro
77%
Philadelphia 2022-23 PJ Tucker
77%
San Antonio 2023-24 Julian Champagnie
75%
Washington 2024-25 Bilal Coulibaly
75%
Washington 2025-26 Bilal Coulibaly
75%
Minnesota 2022-23 Kyle Anderson
73%
Portland 2023-24 Toumani Camara
73%
Dallas 2022-23 Tim Hardaway Jr.
73%
Brooklyn 2020-21 Joe Harris
73%
Philadelphia 2021-22 Matisse Thybulle
73%
Indiana 2025-26 Jarace Walker
73%
New York 2022-23 Quentin Grimes
71%
Dallas 2025-26 Naji Marshall
71%
LA Clippers 2021-22 Marcus Morris
71%
Denver 2025-26 Peyton Watson
71%
Philadelphia 2023-24 Nicolas Batum
67%
Chicago 2023-24 Alex Caruso
67%
Houston 2020-21 Jae'Sean Tate
65%
Milwaukee 2022-23 Pat Connaughton
63%
New York 2021-22 Evan Fournier
60%
Brooklyn 2022-23 Royce O'Neale
60%
Utah 2020-21 Royce O'Neale
60%
Utah 2021-22 Royce O'Neale
60%
Memphis 2024-25 Jaylen Wells
58%
Memphis 2025-26 Jaylen Wells
58%
Dallas 2021-22 Reggie Bullock
56%
New York 2020-21 Reggie Bullock
56%
Miami 2024-25 Haywood Highsmith
54%
Indiana 2020-21 Justin Holiday
54%
Indiana 2021-22 Justin Holiday
54%
Cleveland 2025-26 Jaylon Tyson
50%
Portland 2020-21 Derrick Jones Jr.
48%
San Antonio 2021-22 Doug McDermott
44%
Utah 2022-23 Jared Vanderbilt
42%
Memphis 2023-24 Vince Williams Jr.
40%
Phoenix 2024-25 Ryan Dunn
38%
Utah 2023-24 Simone Fontecchio
38%
LA Lakers 2022-23 Troy Brown Jr.
19%
Orlando 2020-21 Dwayne Bacon
17%
No matching quizzes found
Score Distribution
Percent of People with Each Score
Percentile by Number Answered
Your Score History
You have not taken this quiz since the last reset